[Event "POL-ch U13 Qual"]
[Site "Jastrzebia Gora"]
[Date "2021.11.18"]
[Round "6"]
[White "Renn, Grzegorz"]
[Black "Maciaga, Jan"]
[Result "0-1"]
[WhiteElo "1125"]
[BlackElo "1375"]
[PlyCount "84"]
[EventDate "2021.11.15"]
[EventType "swiss"]
[EventRounds "9"]
[EventCountry "POL"]
[SourceTitle "EXT 2023"]
[Source "ChessBase"]
[SourceDate "2022.10.05"]
[SourceVersion "1"]
[SourceVersionDate "2022.10.05"]
[SourceQuality "1"]

1. e4 c5 2. Nf3 e6 3. d4 cxd4 4. Nxd4 a6 5. Nc3 Qc7 6. Be3 Nf6 7. a3 Nc6 8. Be2 Bd6 9. Nxc6 bxc6 10. Bf3 Rb8 11. Rb1 0-0 12. h3 Be5 13. 0-0 d5 14. exd5 cxd5 15. Bd4 Bxd4 16. Qxd4 Bb7 17. Rfe1 Rfe8 18. Re5 Qd6 19. Rbe1 Nd7 20. R5e2 Nb6 21. h4 Bc6 22. h5 f6 23. h6 e5 24. Qg4 g6 25. Rd1 Rbd8 26. Bxd5+ Nxd5 27. Nxd5 Bxd5 28. Red2 Qc6 29. c4 Be6 30. Qh4 Rxd2 31. Rxd2 Kf7 32. Rd3 a5 33. c5 Qxc5 34. Rc3 Qd6 35. Rf3 Qe7 36. Qe4 Qc7 37. Qa4 Qc1+ 38. Kh2 Qxh6+ 39. Kg1 Rc8 40. Rc3 Rxc3 41. bxc3 Qc1+ 42. Kh2 Qf4+ 0-1

[Event "POL-ch U13 Qual"]
[Site "Jastrzebia Gora"]
[Date "2021.11.16"]
[Round "3"]
[White "Nagly, Wojciech"]
[Black "Renn, Grzegorz"]
[Result "1-0"]
[WhiteElo "1432"]
[BlackElo "1125"]
[PlyCount "71"]
[EventDate "2021.11.15"]
[EventType "swiss"]
[EventRounds "9"]
[EventCountry "POL"]
[SourceTitle "EXT 2023"]
[Source "ChessBase"]
[SourceDate "2022.10.05"]
[SourceVersion "1"]
[SourceVersionDate "2022.10.05"]
[SourceQuality "1"]

1. e4 c5 2. Nf3 e6 3. c3 d5 4. exd5 exd5 5. d4 Nc6 6. Be2 Bd6 7. Be3 c4 8. 0-0 Nf6 9. h3 0-0 10. Nbd2 Bf5 11. Re1 Re8 12. Nf1 Ne4 13. N1d2 Qf6 14. Nxe4 Bxe4 15. Qd2 Qg6 16. Nh4 Qe6 17. Bg4 Qe7 18. Nf5 Qc7 19. Nxd6 Qxd6 20. Bf4 Qd8 21. Re3 f5 22. Bh5 Re6 23. Rae1 Qh4 24. g4 g5 25. Rxe4 fxe4 26. Bxg5 Qxh3 27. Re3 Qf3 28. Rxf3 exf3 29. Bh6 Kh8 30. g5 Rd8 31. Qf4 Re1+ 32. Kh2 Re6 33. Qf7 Rxh6 34. gxh6 Rg8 35. Qf6+ Rg7 36. Qxg7# 1-0

[Event "POL-ch U13 Qual"]
[Site "Jastrzebia Gora"]
[Date "2021.11.16"]
[Round "2"]
[White "Nocek, Dominik"]
[Black "Renn, Grzegorz"]
[Result "1-0"]
[WhiteElo "1428"]
[BlackElo "1125"]
[PlyCount "35"]
[EventDate "2021.11.15"]
[EventType "swiss"]
[EventRounds "9"]
[EventCountry "POL"]
[SourceTitle "EXT 2023"]
[Source "ChessBase"]
[SourceDate "2022.10.05"]
[SourceVersion "1"]
[SourceVersionDate "2022.10.05"]
[SourceQuality "1"]

1. e4 c5 2. Nf3 Nc6 3. c3 d5 4. exd5 Qxd5 5. d4 Bf5 6. Be3 Nf6 7. Na3 cxd4 8. Nb5 Qd7 9. Nfxd4 0-0-0 10. Qa4 Nxd4 11. cxd4 a6 12. Rc1+ Kb8 13. Bf4+ Ka8 14. Nc7+ Ka7 15. Qa5 Nd5 16. Bxa6 Nxf4 17. Bb5+ Kb8 18. Qa8# 1-0